Statistics for Old Country Names

Click here to take the quiz!

General Stats

  • This quiz has been taken 161 times
  • The average score is 7 of 14

Answer Stats

Old NameNew Name% Correct
SiamThailand
86%
MesopotamiaIraq
80%
RhodesiaZimbabwe
78%
ByelorussiaBelarus
72%
Northern RhodesianZambia
71%
GaulFrance
70%
ZaireDemocratic Republic of Congo
61%
Portuguese GuineaGuinea Bissau
50%
Upper VoltaBurkina Faso
40%
BasutolandLesotho
29%
New HollandAustralia
26%
BelizeBritish Honduras
22%
New HebridesVanuatu
20%
IberiaGeorgia
5%

Score Distribution

Percentile by Number Answered

Percent of People with Each Score

Your Score History

You have not taken this quiz